| 000 | 01164nam a22002537a 4500 | ||
|---|---|---|---|
| 005 | 20130816112104.0 | ||
| 010 | _aENG-108251 | ||
| 020 |
_c1800.00 _a9789380574400 |
||
| 035 | _aEN-91784 | ||
| 037 | _bDBAD/PUB | ||
| 245 |
_aCreating wisdom and knowledge through shared learning : _cedited by Akhtar Parvez, R. Venkata Kesavan [and] Jitender Sharma. _brole of librarians and information managers : conference papers / |
||
| 260 |
_aDelhi _bBookwell _c2013 |
||
| 270 |
_a3/79, Nirankari Colony, _bDelhi _e110009 |
||
| 300 |
_axiv,514p. : _c28cm(pbk) _bill. |
||
| 500 | _a "MANLIBNET 2012, Indian Institute of Management Indore, 11-13 October 2012." | ||
| 500 | _a Includes statistical tables. | ||
| 500 | _a Includes bibliographical references and index. | ||
| 520 | _a Contributed articles presented at the International Conference on Creating Wisdom and Knowledge through Shared Learning: Roles of Librarians and Information Managers, held during October 11-13, 2012, at IIM Indore. | ||
| 700 | _a Akhtar Parvez | ||
| 700 | _aKesavan, Venkata | ||
| 700 | _aSharma, Jitender | ||
| 710 | _aIndian Institute of Management, Indore. | ||
| 942 |
_2ddc _cEN _mCRE |
||
| 999 |
_c78248 _d78248 |
||